000 00675nam a2200229Ia 4500
005 20241129111203.0
008 241129s9999||||xx |||||||||||||| ||und||
020 _a978-1-032-72550-5
037 _aTB
040 _aCRL
_beng
_cCRL
041 _aeng
_2eng
084 _aV247.P R1
_qCRL
100 _aBose Sugata Ed.; Jalal Ayesha Ed.
_9723572
245 0 _aKashmir and the future of south asia
_cBose Sugata Ed.; Jalal Ayesha Ed.
260 _aLondon, UK
_bRoutlege
_c2021
300 _axii,150p.
365 _aINR
_b1195
490 _aRoutledge contemporary south asia series
650 _a History
942 _cTB
_hV247.P R1
999 _c1229305
_d1229305